00397nmm a2200121Ia 4500008004100000041000800041100002300049245002300072264008900095300001800184650002200202856005100224251105s9999||||xx |||||||||||||||||und|| aspa aLas Heras, Antonio 0aEl enigma Tunguska a[Madrid, España] :bEdiciones Nowtilus, c[Fecha de publicación no identificada] a232 páginas aHistory (General) uhttps://public.digitaliapublishing.com/a/84375